01479nam a2200229Ia 4500008004100000020001500041041001200056082001100068100001900079245007100098260002500169300000800194650000800202700002400210942000700234999001500241952019700256952020800453952019600661952019600857952019601053221030s9999 xx 000 0 und d a0070648182 aEnglish a105.23 aS. Salivahanan 0aLinear Integrated Circuitscby S. Salivahanan, V. S. K. Bhaaskaran bTMHaNew Delhic2009 a662 aECE aV. S. K. Bhaaskaran cBK c8976d8976 pBE 10655g235.00i83l0o105.23 eDurga Books, Amritsarr2024-06-13 00:00:00w2022-10-30yBK003Print4071aMIETLIBbMIETLIBcBL-Academic Block B, FL-1, CUP-154, SH-6, R-6d2010-03-1210HBE pBE 10656g235.00i83l1o105.23 eDurga Books, Amritsarr2024-06-13 00:00:00s2023-12-11w2022-10-30yBK003Print4070aMIETLIBbMIETLIBcBL-Academic Block A, FL-1, CUP-10, SH-2, R-2d2010-03-1210HBE pBE 10657g235.00i83l0o105.23 eDurga Books, Amritsarr2024-06-13 00:00:00w2022-10-30yBK003Print4070aMIETLIBbMIETLIBcBL-Academic Block A, FL-1, CUP-10, SH-2, R-2d2010-03-1210HBE pBE 10658g235.00i83l0o105.23 eDurga Books, Amritsarr2024-06-13 00:00:00w2022-10-30yBK003Print4070aMIETLIBbMIETLIBcBL-Academic Block A, FL-1, CUP-10, SH-2, R-2d2010-03-1210HBE pBE 10659g235.00i83l0o105.23 eDurga Books, Amritsarr2024-06-13 00:00:00w2022-10-30yBK003Print4070aMIETLIBbMIETLIBcBL-Academic Block A, FL-1, CUP-10, SH-2, R-2d2010-03-1210HBE